Quizzes
Events
Quiz Creation
Community
Videos
Private Events
Remove Ads
Sign In
Join for FREE
Feedback
Dark Mode
Quiz Categories
Sports
Geography
Music
Movies
Television
Just For Fun
Miscellaneous
History
Literature
Language
Science
Gaming
Entertainment
Religion
Holiday
For Kids
Quiz Lab
Recent
Popular Today
Quiz Kudos Today
Editor Picks
Curator Picks
Quizzes by...
Day
Popularity
Type
Ratings
Length
Year
Community
Subscriptions
Recent Discussions
Orange Saloon
Badges
Playlists
Quests
Create
Leaderboards
Showdown
Live 5
Trivia Bingo
Activity
Puzzle Library
Sporcle Events
Private Events
Virtual Trivia
Globe League
Become a Host
Pub Owners
SporcleCon
Opinionation
Our Games
Videos
Blog
Mobile Apps
Partnerships
Remove Ads and Go Orange
Feedback
Geography
Country
Landmarks
City
State
Population
World
Capital
Continent
Flags
Europe
Africa
Asia
South America
North America
Oceania
Border
Canada
United Kingdom
Topography
United States
Geography
Country
Landmarks
City
State
Population
World
Capital
Continent
Flags
Europe
Africa
Asia
South America
North America
Oceania
Border
Canada
United Kingdom
Topography
United States
Random Quiz
Search Sporcle
×
Quiz Lab
Quiz Lab
Geography
station
Type in answers that appear in a list
Type in answers that appear in a list
Classic
Best Score? Go Orange.
Boston T Stops (MBTA) Stats
Can you name the MBTA stops?
By
MikeSang
15m
141 Questions
6,583 Plays
6,583 Plays
6,583 Plays
Comments
Comments
Give Quiz Kudos
Give Quiz Kudos
-
- Ratings
hide this ad
Replay
Link that replays current quiz
Next Quiz
Link to next quiz in quiz playlist
You Got
0%
They Got
Avg Score
58%
Avg Friend Score
Upgrade to see
Score Distribution
Jump to the score distribution portion of the page
Score
0/141
Timer
15:00
0
Plays Today
Line
Station
% Correct
Red
Park Street
91.2%
Green
Park Street
91.2%
Red
Harvard
91%
Red -
Braintree
Braintree
90.7%
Green -
B
South Street
89.5%
Red -
Ashmont
Ashmont
86.9%
Orange
North Station
86.4%
Green
North Station
86.4%
Red
Downtown Crossing
85.3%
Orange
Downtown Crossing
85.3%
Silver -
Washington
Downtown Crossing
85.3%
Red
Alewife
85.2%
Red
South Station
85%
Silver -
Waterfront
South Station
85%
Green
Government Center
84.4%
Blue
Government Center
84.4%
Green
Copley
82.2%
Green
Kenmore
82.2%
Green -
B
Boston College
81.2%
Green
Arlington
80.8%
Blue
Airport
80.6%
Red
Charles/MGH
80.2%
Green
Boylston
80%
Silver -
Washington
Boylston
79.9%
Red
Kendall/MIT
79.8%
Orange
Haymarket
79%
Green
Haymarket
79%
Green -
D
Fenway
78.3%
Red
Central
78.3%
Blue
Wonderland
77.6%
Blue
Aquarium
77.6%
Red
JFK/UMASS
77.6%
Green
Lechmere
77.5%
Red
Porter
76.6%
Red
Davis
76.5%
Orange
Chinatown
75.6%
Silver -
Washington
Chinatown
75.6%
Green
Hynes Convention Center
75.1%
Green -
B
Boston University East
74.2%
Orange
State Street
74.1%
Blue
State Street
74.1%
Green -
B
Boston University West
73.9%
Orange
Forest Hills
73.3%
Orange
Back Bay
73%
Green -
B
Boston University Central
71.5%
Green -
D
Riverside
70.6%
Orange
Ruggles
69.9%
Line
Station
% Correct
Green -
C
Cleveland Circle
69.3%
Green -
E
Heath
69%
Orange
Oak Grove
68.8%
Red -
Braintree
Quincy Center
68.5%
Green -
E
Prudential
68.1%
Red
Andrew
67.6%
Red
Broadway
67.5%
Green -
E
Northeastern
67.5%
Green
Science Park
66.5%
Orange
Massachusetts Avenue
64.5%
Silver -
Washington
Massachusetts Avenue
64.5%
Green -
E
Symphony
64.4%
Blue
Bowdoin
64.1%
Red -
Braintree
Quincy Adams
63.9%
Green -
E
Museum of Fine Arts
63.8%
Blue
Revere Beach
63.2%
Green -
E
Longwood Medical Center
62.9%
Green -
D
Longwood
62.9%
Silver -
Washington
Newton Street
62.8%
Red -
Braintree
North Quincy
61.5%
Orange
Community College
61.3%
Orange
Tufts Medical Center
60.7%
Silver -
Washington
Tufts Medical Center
60.6%
Green -
B
Washington Street
60.6%
Blue
Maverick
60%
Orange
Roxbury Crossing
59.1%
Green -
C
Coolidge Corner
59.1%
Orange
Malden Center
57.5%
Silver -
Airport
Terminal A
57.2%
Orange
Sullivan Square
56.6%
Silver -
Airport
Terminal B Stop 1
56.5%
Silver -
Airport
Terminal B Stop 2
56.5%
Silver -
Airport
Terminals C & D
56.4%
Red -
Braintree
Wollaston
56.2%
Green -
D
Brookline Village
55.1%
Red -
Ashmont
Savin Hill
54.8%
Silver -
Airport
Terminal E
54.7%
Green -
B
Chestnut Hill Avenue
53.8%
Green -
D
Chestnut Hill
53.8%
Green -
D
Newton Center
53.7%
Green -
C
St. Mary's Street
52.4%
Orange
Wellington
52.3%
Green -
D
Reservoir
51.8%
Orange
Green Street
50.7%
Orange
Jackson Square
50.1%
Green -
B
St. Paul Street
49.8%
Green -
C
St. Paul Street
49.8%
Line
Station
% Correct
Orange
Assembly Square
49.1%
Green -
B
Packards Corner
48.1%
Green -
D
Brookline Hills
48%
Green -
B
Harvard Avenue
47.8%
Silver -
Waterfront
World Trade Center
46.8%
Blue
Orient Heights
46.8%
Blue
Suffolk Downs
46.6%
Green -
D
Newton Highlands
45.9%
Red -
Ashmont
Fields Corner
45.8%
Green -
D
Waban
45.7%
Orange
Stony Brook
45%
Green -
E
Back of the Hill
44.7%
Silver -
Waterfront
Courthouse
44.5%
Red -
Ashmont
Shawmut
44.3%
Green -
E
Brigham Circle
44.1%
Green -
B
Allston Street
42.8%
Green -
B
Blandford Street
41.9%
Green -
D
Eliot
40.9%
Silver -
Washington
Dudley Square
40.5%
Blue
Wood Island
40.3%
Green -
B
Babcock Street
39.8%
Blue
Beachmont
39.7%
Green -
D
Beaconsfield
38.4%
Green -
D
Woodland
37.1%
Green -
C
Washington Square
36.5%
Silver -
Waterfront
Silver Line Way
34.1%
Green -
B
Griggs Street/Long Ave
33.2%
Green -
B
Pleasant Street
33.2%
Green -
B
Warren Street
31.1%
Green -
C
Kent Street
31.1%
Green -
B
Chiswick Road
30.4%
Green -
E
Fenwood Road
30.4%
Green -
B
Sutherland Road
29.6%
Green -
C
Dean Road
29.4%
Green -
E
Mission Park
29.2%
Green -
C
Hawes Street
28.7%
Green -
C
Tappan Street
28.4%
Green -
C
Summit Ave
27.3%
Green -
C
Brandon Hall
26.8%
Silver -
Washington
Melnea Cass Boulevard
26.4%
Green -
C
Englewood Avenue
25.9%
Green -
C
Fairbanks Street
22.7%
Silver -
Washington
East Berkeley Street
19.8%
Silver -
Washington
Herald Street
19%
Silver -
Washington
Worcester Square
18.8%
Silver -
Washington
Lenox Street
18.2%
Silver -
Washington
Union Park
17.5%
Quiz Playlist
Details
Report
Send in Message
Add To Playlist
Classic:
Type in answers that appear in a list
Last Updated: Feb 16, 2017
Quiz Scoreboard
CHALLENGE
Sign Up to Join the Scoreboard
Show All
Scores
Hide
Comments
May contain spoilers
Recently Published
An Introduction to Baseball
by treessimontrees
Sports
5m
Movies - When Are They Set?
by FPL_Elf
Movies
5m
Popular People in 1961
by mucciniale
History
6m
More to Explore
Quiz From the Vault
Featured Blog Post
Where Did the Easter Bunny Come From?
hide this ad
You Might Also Like...
Tags
Boston
mbta
station
stop
Today's Top Quizzes in Geography
Browse Geography
hide this ad
Today's Top Quizzes in station
Browse station
Top Contributed Quizzes in Geography
1
Countries of the World - No Outlines Minefield
2
Top 25 Cities of France on a map
3
Closest Countries to UK A-Z
4
Any capital of a 'B' country per Continent
5
One Thing in Common: United Kingdom
6
Find the Provinces of Canada - No Outlines Minefield
7
Any capital of a 'C' country per Continent
8
Blind Secret Country CLXXXVIII
9
Find the US States - No Outlines
10
Any capital of a 'D' country per Continent
Explore More
Trending Topics
NBA
Anime
Kpop
Crossword
Disney
Marvel
Harry Potter
Song
Country
NFL
The Office
Puzzle
WWE
Soccer
Pokémon
hide this ad
More By:
MikeSang
Quiz
Plays
Rating
Category
Featured
Created
Single Letter Stocks
9,747
3.24
Miscellaneous
Sep 23, 2009
Boston T Stops (MBTA)
6,583
4.40
Geography
Sep 27, 2009
Biggest Massachusetts Colleges/Universities
3,253
3.19
Geography
Sep 23, 2009
Massachusetts
1,637
4.29
Geography
Dec 26, 2009
The 2000's
1,396
4.00
History
Dec 31, 2009
Go to Creator's Profile
Score Distribution
Quiz Creator Spotlight
MikeSang
Follow
Send a Message
Quizzes Created
-
Created Quiz Play Count
-
More By This Creator
Popular Quizzes Today
1
Find the Countries of Europe - No Outlines Minefield
2
Find the US States - No Outlines Minefield
3
The Countries of the World
4
Popular People in 1961
5
US States
6
Find the US States
7
1-10 Letter E Words III
8
Risky Map Clicking: Biggest States A-Z
More Geography Quizzes
What Did I Type? (Countries)
Published
Trending Quizzes
Risky Map Clicking: Least Populous States A-Z
1-10 Letter F Words
1-10 Letter G Words
Not Quite an Element Typing Challenge
One Thing in Common: United Kingdom
Recently Updated
Leaping Animals
pecheneg
Reality TV Shows (A-Z)
bhenderson79
Rickey Henderson's Hall of Fame Teammates
pecheneg
Champions League XIs: Arsenal
pecheneg
Quick Pick: Celebrities in WWE's Hall of Fame
aduchscher
A-Z Keypad Blitz II
pecheneg
Multiple Oscar Actors
pecheneg
Mystery Phrase Blitz: Oscar 'Best Actors'
pecheneg
F. Scott Fitzgerald Novels
LTH
Pick 3 Villains
ddd62291
Trending Topics
Disney
NBA
Anime
Crossword
Marvel
Kpop
Harry Potter
Puzzle
Soccer
NFL
Country
Song
WWE
Pokémon
The Office
Your Account Isn't Verified!
In order to create a playlist on Sporcle, you need to verify the email address you used during registration. Go to your
Sporcle Settings
to finish the process.
Report this User
Report this user for behavior that violates our
Community Guidelines
.
Details:
Send Report
Go to the Sporcle.com Mobile Site →
Comments